| 000 | 00844nam a22003370a 4500 | ||
|---|---|---|---|
| 001 | PT31832 | ||
| 003 | AR-LpoUNG | ||
| 005 | 20210131225856.0 | ||
| 008 | 191001s1984||||ag |||||||||||||||||spa d | ||
| 020 |
_a9506100187 _c$18.50 |
||
| 040 |
_aAR-LpoUNG _bspa _cAR-LpoUNG _eaacr |
||
| 041 | _aspa | ||
| 044 | _aag | ||
| 082 | 0 | _a980.031 785con | |
| 100 | 1 | _aPomer, León | |
| 245 | 1 | 0 | _aConflictos en la Cuenca del Plata en el siglo XIX |
| 250 | _a1ra. ed. | ||
| 260 |
_aBuenos Aires : _bRiesa, _c1984. |
||
| 300 |
_a310 p. : _btbls. |
||
| 650 | 4 | _aANALISIS HISTORICO | |
| 650 | 4 | _aARGENTINA | |
| 650 | 4 | _aASPECTOS ECONOMICOS | |
| 650 | 4 | _aBRASIL | |
| 650 | 4 | _aCUENCAS FLUVIALES | |
| 650 | 4 | _aDIPLOMACIA | |
| 650 | 4 | _aESTRUCTURA SOCIAL | |
| 650 | 4 | _aHISTORIA POLITICA | |
| 650 | 4 | _aURUGUAY | |
| 905 | _a31832 | ||
| 942 | _cLIB | ||
| 999 |
_c301 _d301 |
||